000 01777nam0a2200349 4500
001 RU\NLR\bibl\271683
005 20260406185450.0
010 _a5-7159-0370-х
_9800
021 _aRU
_b2002-6065
_9294
035 _a(NLR Aleph) 000267221
090 _a1561910
_c1561910
100 _a20020604d2001 |||y0rusy50 ca
101 0 _arus
102 _aRU
105 _ay |||||||||
200 1 _aОхрана жизни и укрепление здоровья детей в дошкольных образовательных учреждениях Республики Башкортостан
_eСб. инструкт.-метод. материалов
_f[Сост.: Сазонова О.И.]
210 _aУфа
_cБ.и.
_d2001
215 _a93, [2] с.
_d21
320 _aБиблиогр.: с.61-62
606 0 _aДошкольные учреждения
_jМетодические пособия
_xГигиена
_9942052
_3RU\NLR\auth\6630062
606 0 _aДошкольные учреждения
_jМетодические пособия
_xОздоровительные мероприятия
_yБашкортостан, Республика
_92266630
_3RU\NLR\auth\661358719
606 0 _aДошкольники
_jИнструкции
_xФизическое воспитание
_yБашкортостан, Республика
_92266194
_3RU\NLR\auth\661358489
686 _aР128.93я8
686 _aР11(2)44л78
686 _aЧ411.354
702 1 _aСазонова
_bО. И.
_4220
712 0 1 _4570
_aРеспублика Башкортостан
_bМинистерство народного образования
_9398115
_3RU\NLR\AUTH\889951088
801 0 _aRU
_bNLR
_c20020604
_gPSBO
801 1 _aRU
_bNLR
_c20020604
942 _cBOOK
980 _aNB